000 00595nam a2200193Ia 4500
003 GCL
008 140319s9999 xx 000 0 ara d
040 _aGCL /
_cGCL
082 0 4 _a813.03
_bس ا
100 1 _aسلامة موسى
245 1 0 _aانتصارات انسان /
_cسلامة موسى
250 _aالاولى
260 _aالقاهرة :
_bدار ومطابع المستقبل ،
_c1960
300 _a173 ص ؛
_c12 سم
650 0 4 _aالمقالات
650 0 4 _aالمقالات - مجموعات
650 0 4 _aالمقالات العربية - مصر
942 _2ddc
_cBK
999 _c9442
_d9442